[Event "British Rapidplay"]
[Site "Halifax ENG"]
[Date "2010.11.20"]
[Round "3"]
[White "Summerscale,A"]
[Black "Kostic,Mis"]
[Result "1-0"]
[WhiteElo "2434"]
[BlackElo "2246"]

1.d4 Nf6 2.c4 g6 3.Nc3 Bg7 4.e4 O-O 5.Nf3 d6 6.Be2 e5 7.O-O Nbd7 8.Be3 h6
9.Nd2 c6 10.d5 c5 11.Rb1 h5 12.b4 cxb4 13.Rxb4 Ne8 14.Rb1 Bf6 15.Nb3 Bg5
16.Qd2 Bxe3 17.Qxe3 b6 18.a4 Nc5 19.a5 f5 20.exf5 Bxf5 21.Rb2 Nxb3 22.Rxb3 bxa5
23.Ra1 Rb8 24.Rxb8 Qxb8 25.Rxa5 Rf7 26.Nb5 Bd7 27.Rxa7 Bxb5 28.Rxf7 Bxc4
29.Qf3 Bxe2 30.Rf8+ Kg7 31.Qf7+ Kh6 32.h4  1-0

[Event "British Rapidplay"]
[Site "Halifax ENG"]
[Date "2010.11.20"]
[Round "4"]
[White "Shaw,P"]
[Black "Coates,David"]
[Result "1-0"]
[WhiteElo "2166"]
[BlackElo "2067"]

1.d4 Nf6 2.c4 g6 3.Nc3 Bg7 4.e4 d6 5.Nf3 O-O 6.Be2 e5 7.Be3 Na6 8.d5 Nc5
9.Nd2 a5 10.a3 Nfd7 11.b4 axb4 12.axb4 Rxa1 13.Qxa1 Na6 14.Qa3 f5 15.O-O Nf6
16.f3 f4 17.Bf2 g5 18.c5 g4 19.fxg4 Nxg4 20.c6 Nxf2 21.Rxf2 Nb8 22.Qa8 f3
23.Rxf3 Rxf3 24.Bxf3 Qg5 25.Qxb8 Qxd2 26.Qxc8+ Bf8 27.h3 Qxc3 28.cxb7  1-0

[Event "British Rapidplay"]
[Site "Halifax ENG"]
[Date "2010.11.20"]
[Round "6"]
[White "Shaw,P"]
[Black "Palliser,R"]
[Result "0-1"]
[WhiteElo "2166"]
[BlackElo "2445"]

1.d4 Nf6 2.c4 g6 3.Nc3 Bg7 4.e4 d6 5.Nf3 O-O 6.Be2 Nbd7 7.O-O e5 8.Be3 Re8
9.d5 Nh5 10.Ne1 Nf4 11.Bf3 f5 12.g3 Nh3+ 13.Kh1 f4 14.Bd2 Nf6 15.Nd3 g5 16.Bg2 h5
17.b4 Bf8 18.c5 Re7 19.cxd6 cxd6 20.Rc1 Bg4 21.f3 Bd7 22.Bxh3 Bxh3 23.Rg1 Rg7
24.Be1 fxg3 25.Rxg3 Bd7 26.Bd2 g4 27.fxg4 Nxg4 28.Qe1 Qh4 29.Qg1 Be7 30.Nf2 Rf8
31.Nxg4 Bxg4 32.Rf1 Rxf1 33.Qxf1 Rf7 34.Qg2 Kh7 35.h3 Bd7 36.Kh2 Bf6 37.Rg6 Bg7
38.Rg3 Bh6 39.Bxh6 Kxh6 40.Rf3 Rxf3 41.Qxf3 Qf4+ 42.Kg2 Qxf3+ 43.Kxf3 Kg5
44.Kg3 h4+ 45.Kf3 a6 46.a4 Bxh3  0-1

[Event "TCh-NED"]
[Site "Netherlands NED"]
[Date "2010.11.20"]
[Round "3.7"]
[White "Spoelman,W"]
[Black "Wiersma,E"]
[Result "1-0"]
[WhiteElo "2538"]
[BlackElo "2419"]

1.d4 Nf6 2.c4 g6 3.Nc3 Bg7 4.e4 d6 5.Nf3 O-O 6.Be2 e5 7.O-O exd4 8.Nxd4 Re8
9.f3 c6 10.Kh1 Nbd7 11.Bg5 h6 12.Bh4 Ne5 13.f4 Neg4 14.Bxg4 Bxg4 15.Qd3 Qb6
16.Bf2 Qxb2 17.a3 Nd7 18.Qg3 Nc5 19.Ra2 Nxe4 20.Rxb2 Nxg3+ 21.hxg3 c5 22.Ndb5 d5
23.cxd5 Rad8 24.Rc1 b6 25.d6 Rd7 26.a4 Red8 27.a5 a6 28.Nc7 Rxd6 29.axb6 Bxc3
30.Rxc3 Rd1+ 31.Kh2 Rf1 32.Re3 Rdd1 33.Be1  1-0

[Event "Podgaets Memorial"]
[Site "Odessa UKR"]
[Date "2010.11.21"]
[Round "2"]
[White "Kutsykh,M"]
[Black "Kozak,L"]
[Result "0-1"]
[WhiteElo "2295"]
[BlackElo "2340"]

1.d4 Nf6 2.c4 g6 3.Nc3 Bg7 4.e4 d6 5.Be2 O-O 6.Nf3 e5 7.d5 a5 8.Bg5 h6 9.Bh4 Na6
10.Nd2 Qe8 11.a3 Bd7 12.O-O Nh7 13.Kh1 h5 14.f3 Bh6 15.b3 Nc5 16.Rb1 Be3
17.Nb5 g5 18.Nxc7 Qd8 19.Nxa8 gxh4 20.b4 Na4 21.Rb3 Bd4 22.f4 Nc3 23.Qe1 a4
24.Rxc3 Bxc3 25.Bxh5 Qxa8 26.f5 Qd8 27.f6 Nxf6 28.Bf3 Nh7 29.Qe3 Bd4 30.Qe2 Qg5
31.c5 dxc5 32.bxc5 Bxc5 33.Qd3 b5 34.Rc1 Qe3 35.Qxe3 Bxe3 36.Rc7 Rc8  0-1

[Event "16th Asian Games Team Men"]
[Site "Guangzhou CHN"]
[Date "2010.11.22"]
[Round "5"]
[White "Kasimdzhanov,R"]
[Black "Kazhgaleyev,M"]
[Result "1/2-1/2"]
[WhiteElo "2685"]
[BlackElo "2623"]

1.d4 Nf6 2.c4 g6 3.Nc3 Bg7 4.e4 d6 5.Nf3 O-O 6.Be2 e5 7.O-O exd4 8.Nxd4 Re8
9.f3 c6 10.Nc2 Na6 11.Kh1 Nh5 12.g4 Nf6 13.Bf4 h5 14.g5 Nh7 15.Rg1 Be5 16.Qd2 b6
17.Rad1 Bb7 18.Bf1 Qe7 19.Nd4 Rad8 20.Bh3 Nc7 21.b4 Kh8 22.b5 cxb5 23.Ncxb5 Nxb5
24.cxb5 f6 25.Ne6 Rb8 26.Bxe5 dxe5 27.gxf6 Qxf6 28.Ng5 Bc8 29.Qd6 Bxh3 30.Qxf6+ Nxf6
31.Nxh3 Kg7 32.Ng5 Rb7 33.Rd6 Rd7 34.Rc6 h4 35.Ne6+ Kf7 36.Ng5+ Kg7 37.Ne6+ Kf7
38.Ng5+ Kg7 39.Ne6+  1/2-1/2

[Event "16th Asian Games Team Men"]
[Site "Guangzhou CHN"]
[Date "2010.11.23"]
[Round "6"]
[White "Al Sayed,Mohamad"]
[Black "Sasikiran,K"]
[Result "0-1"]
[WhiteElo "2502"]
[BlackElo "2688"]

1.d4 Nf6 2.c4 g6 3.Nc3 Bg7 4.e4 d6 5.Nf3 O-O 6.Be2 e5 7.Be3 exd4 8.Nxd4 Re8
9.f3 c6 10.Bf2 d5 11.exd5 cxd5 12.O-O Nc6 13.c5 Re5 14.Re1 Qf8 15.f4 Re7
16.Bf3 Rxe1+ 17.Qxe1 Bg4 18.Qd1 Bxf3 19.Qxf3 Re8 20.Ndb5 Ne4 21.Nd6 Nxd6
22.cxd6 Qxd6 23.Nxd5 Bxb2 24.Rd1 Rd8 25.Nc3 Qa3 26.Rxd8+ Nxd8 27.Qd5 Qxc3
28.Qxd8+ Kg7 29.g3 Qc1+ 30.Kg2 Qc6+ 31.Kg1 Bf6 32.Qd2 a6 33.g4 Qc3 34.Qd6 Qa1+
35.Kg2 Qxa2 36.g5 Ba1 37.Qd1 h6 38.h4 hxg5 39.hxg5 b5 40.Qd6 a5 41.Kg1 Qe6
42.Bd4+ Bxd4+ 43.Qxd4+ Kh7 44.Kf2 a4 45.Qd1 Qe4  0-1

[Event "4th South Bohemia Open"]
[Site "Cesky Krumlov CZE"]
[Date "2010.11.25"]
[Round "5"]
[White "Lauko,M"]
[Black "Horyna,J"]
[Result "0-1"]
[WhiteElo "1989"]
[BlackElo "1922"]

1.d4 Nf6 2.Nf3 g6 3.c4 Bg7 4.Nc3 d6 5.e4 O-O 6.Be2 e5 7.d5 a5 8.h3 Na6 9.Bg5 h6
10.Be3 Bd7 11.Qd2 Kh7 12.Nh2 Nxe4 13.Nxe4 f5 14.Ng5+ hxg5 15.Bxg5 Qe8 16.O-O Nc5
17.Qc1 e4 18.Rb1 b5 19.cxb5 Bxb5 20.Bxb5 Qxb5 21.b3 Rf7 22.Qc4 Rb8 23.Rfd1 Nd3
24.Nf1 Qxc4 25.bxc4 Rb2 26.Rxb2 Bxb2 27.Rb1 a4 28.Ne3 a3 29.g3 Rf8 30.Nc2 Ra8
31.Bd2 Ne5 32.Kf1 Nxc4 33.Bc1 Ra5 34.Ke1 Rxd5 35.Bxb2 axb2 36.Ne3 Nxe3 37.fxe3 Rb5
38.Kd2 Kg7 39.Kc3 Rd5 40.a4 Ra5 41.Kb4 Ra8 42.Rxb2 c5+ 43.Ka3 Kf6 44.h4 Ke5
45.Rb5 Kd5 46.a5 Kc4 47.Ka4 d5 48.Rb6 d4 49.exd4 cxd4 50.Rb4+ Kc3 51.Rb3+ Kc2
52.Rb6 d3 53.Rc6+ Kd1 54.g4 e3 55.gxf5 e2 56.Re6 gxf5 57.h5 e1=Q  0-1

[Event "XXIII Belgrade Trophy"]
[Site "Obrenovac SRB"]
[Date "2010.11.25"]
[Round "2.64"]
[White "Mrdak,M"]
[Black "Markovic,Alek"]
[Result "1/2-1/2"]
[WhiteElo "2061"]
[BlackElo "1838"]

1.d4 Nf6 2.Nf3 g6 3.c4 Bg7 4.Nc3 O-O 5.e4 d6 6.Be2 e5 7.O-O Nh5 8.d5 Nf4
9.g3 Nxe2+ 10.Qxe2 Bg4 11.Qd3 Na6 12.Ne1 Nc5 13.Qc2 f5 14.b4 Nxe4 15.Nxe4 fxe4
16.Qxe4 Bf5 17.Qe3 a5 18.bxa5 Rxa5 19.a4 Qd7 20.Qb3 b6 21.Bd2 Ra7 22.Ng2 Rfa8
23.a5 bxa5 24.Ra4 e4 25.Ne3 Bh3 26.Rb1 Qe7 27.Bc3 Bd7 28.Ra3 a4 29.Qb2 Bxc3
30.Qxc3 Qg7 31.Qd2 Re8 32.Nc2 Raa8 33.Rb7 Bc8 34.Rb4 Bd7 35.Rb7 Rec8 36.c5 dxc5
37.d6 Bc6 38.Rxc7 Rxc7 39.dxc7 Qxc7 40.Qc3 Qd6 41.Ne3 Rb8 42.h4 Rf8 43.Ra2 Qd3
44.Qc1 Rd8 45.Rc2 Rb8 46.Rb2 Rb5 47.Rxb5 Qxb5 48.Qc3 Be8 49.Qe5 a3 50.Ng4 Qc6
51.Nf6+ Kf7 52.Nxe4 a2 53.Nd6+ Kf8 54.Qf6+ Kg8 55.Qe6+  1/2-1/2

[Event "XXIII Belgrade Trophy"]
[Site "Obrenovac SRB"]
[Date "2010.11.25"]
[Round "2.37"]
[White "Pantovic,D"]
[Black "Sorgic,D"]
[Result "1-0"]
[WhiteElo "2113"]
[BlackElo "2308"]

1.d4 d6 2.Nf3 g6 3.c4 Bg7 4.e4 Nf6 5.Nc3 O-O 6.Be2 e5 7.O-O Nbd7 8.Be3 Re8
9.d5 Nh5 10.g3 Bf8 11.Ne1 Ng7 12.Rc1 f5 13.f3 Be7 14.Nd3 Bg5 15.Qd2 Bxe3+
16.Qxe3 Nf6 17.c5 a6 18.b4 Rf8 19.a4 fxe4 20.fxe4 Bh3 21.Rf2 Ng4 22.Rxf8+ Kxf8
23.Bxg4 Bxg4 24.b5 axb5 25.axb5 Kg8 26.Nf2 Bd7 27.Rb1 dxc5 28.Nd3 Bh3 29.Nxc5 Qf6
30.Nd3 b6 31.Nf2 Bd7 32.Kg2 Ra3 33.Qd2 Ne8 34.Rf1 Qe7 35.Nd3 Nd6 36.Qb2 Nc4
37.Qc1 Ra5 38.d6 Qxd6 39.Nd5 Ra2+ 40.Kh1 Bh3 41.Nf6+ Kh8 42.Qxc4 Be6 43.Nd5 Rd2
44.Rf2 Rd1+ 45.Kg2 Qd7 46.h4 Bh3+ 47.Kh2 Bf1 48.Rxf1 Rxf1 49.Nxe5 Rf2+ 50.Kg1 Qd6
51.Kxf2  1-0

[Event "Vasylyshyn Memorial IM"]
[Site "Lviv UKR"]
[Date "2010.11.26"]
[Round "4"]
[White "Huda,Mary"]
[Black "Terletsky,O"]
[Result "1-0"]
[WhiteElo "2221"]
[BlackElo "2170"]

1.d4 Nf6 2.c4 g6 3.Nc3 Bg7 4.e4 O-O 5.Nf3 d6 6.Be2 e5 7.Be3 c6 8.O-O Nbd7
9.d5 Ng4 10.Bg5 f6 11.Bh4 c5 12.a3 Nh6 13.b4 g5 14.Bg3 f5 15.exf5 Nxf5 16.Ne4 h6
17.Nfd2 b6 18.Bd3 Qe7 19.Rb1 Rf7 20.Re1 Nf8 21.bxc5 bxc5 22.Nb3 h5 23.Qxh5 Bf6
24.Qd1 Ng6 25.Be2 Nf4 26.Bg4 Rh7 27.Na5 Qg7 28.Bxf5 Bxf5 29.Rb7 Qf8 30.Rxh7 Bxh7
31.Nc6 Bf5 32.Bxf4 exf4 33.Qh5 Bxe4 34.Rxe4 Qf7 35.Qxf7+ Kxf7 36.Re6 a5 37.a4 Bc3
38.h3 Rh8 39.f3 Be5 40.Nxe5+ dxe5 41.Rxe5 Rb8 42.d6 Rd8 43.Rxg5 Rxd6 44.Rxc5 Rd1+
45.Kh2 Rd4 46.h4  1-0

[Event "TCh-SVK Extraliga 2010-11"]
[Site "Kosice SVK"]
[Date "2010.11.27"]
[Round "1"]
[White "Babula,V"]
[Black "Vovk,Y"]
[Result "1/2-1/2"]
[WhiteElo "2536"]
[BlackElo "2539"]

1.d4 Nf6 2.c4 g6 3.Nc3 Bg7 4.e4 d6 5.Nf3 O-O 6.Be2 e5 7.d5 a5 8.Be3 Ng4 9.Bg5 f6
10.Bd2 f5 11.Ng5 Na6 12.exf5 gxf5 13.Ne6 Bxe6 14.dxe6 Nc5 15.Bxg4 fxg4 16.Be3 Nxe6
17.Qxg4 Qf6 18.O-O Qf7 19.Rad1 Kh8 20.b3 Rae8 21.Rfe1 Nd4 22.Ne4 a4 23.Rd3 axb3
24.axb3 b5 25.Rc1 bxc4 26.bxc4 Ra8 27.h4 Qf5 28.Qxf5  1/2-1/2

[Event "WY U-16 Olympiad"]
[Site "Burdur TUR"]
[Date "2010.11.28"]
[Round "2"]
[White "Rindlisbacher,J"]
[Black "Mateus,F"]
[Result "0-1"]
[WhiteElo "2155"]
[BlackElo "2069"]

1.d4 Nf6 2.c4 g6 3.Nc3 Bg7 4.e4 d6 5.Nf3 O-O 6.Be2 Nbd7 7.O-O e5 8.Re1 Re8
9.Bf1 c6 10.Rb1 a5 11.b3 exd4 12.Nxd4 Nc5 13.f3 Nh5 14.Be3 Be5 15.Qd2 g5
16.g3 Qf6 17.Bg2 Ne6 18.Nde2 Nef4 19.gxf4 gxf4 20.Bd4 Kh8 21.Nd1 Rg8 22.Kf1 Qg7
23.Bxe5 dxe5 24.Ng1 Be6 25.Qf2 Rad8 26.Nb2 f5 27.Rbd1 Rdf8 28.Rd6 Bc8 29.Nd1 fxe4
30.Rxe4 Bf5 31.Nc3 Bxe4 32.Nxe4 Nf6 33.Nxf6 Rxf6 34.Rxf6 Qxf6 35.Qb2 Rd8
36.Ne2 Rd1+ 37.Kf2 Qh4+ 38.Ng3 fxg3+ 39.Ke2 Qd4 40.Qxd4 Rxd4 41.hxg3 Kg7
42.Bh3 Rd6 43.a4 Rh6 44.Bg2 Rg6 45.Kf2 Rd6 46.Ke2 Kf6 47.f4 exf4 48.gxf4 Rd4
49.Ke3 Rd1 50.Be4 h5 51.Bf3 Rb1 52.Bxh5 Rxb3+ 53.Kd4 Rb1 54.Bg4 Rf1 55.Bc8 b6
56.f5 Rf4+ 57.Kc3 Ke5 58.Bd7 Rf3+ 59.Kb2 Kd6  0-1

[Event "XXIII Belgrade Trophy"]
[Site "Obrenovac SRB"]
[Date "2010.11.28"]
[Round "5.72"]
[White "Stefanovic,M"]
[Black "Markovic,Alek"]
[Result "1-0"]
[WhiteElo "2020"]
[BlackElo "1838"]

1.d4 Nf6 2.Nf3 g6 3.c4 Bg7 4.Nc3 O-O 5.e4 d6 6.Be2 e5 7.O-O Nh5 8.g3 Bh3
9.Re1 exd4 10.Nxd4 Nf6 11.Be3 Nc6 12.Nxc6 bxc6 13.f3 Be6 14.Qd2 a5 15.Rad1 Nd7
16.b3 Ne5 17.Rf1 c5 18.Bg5 f6 19.Be3 Nc6 20.Nd5 Kh8 21.Nc3 f5 22.Bg5 Qd7
23.Kh1 Nd4 24.Bd3 Rae8 25.Rde1 fxe4 26.Bxe4 Bf5 27.Bf4 Be5 28.Bxf5 Qxf5 29.Bxe5+ Rxe5
30.Rxe5 Qxe5 31.f4 Qe8 32.Re1 Qd7 33.Kg2 Re8 34.Nd5 Re6 35.Qxa5 c6 36.Rxe6 Nxe6
37.Qc3+ Nd4 38.Ne3 Qe6 39.Qd3 d5 40.cxd5 cxd5 41.b4 Qc6 42.Qc3 Qe6 43.bxc5 Qe4+
44.Kh3 Kg8 45.Ng4 Kf8 46.c6 h5 47.Nf2 Qe6+ 48.Kg2 Nxc6 49.Qc5+ Kf7 50.a4 h4
51.g4 Ne7 52.a5 Qe2 53.Qd4 g5 54.fxg5 h3+ 55.Kg3 Qf1 56.Nxh3 Qe1+ 57.Qf2+ Qxf2+
58.Kxf2 Kg6 59.Ke3 d4+ 60.Kd3 Nc6 61.a6 Nb4+ 62.Kxd4 Nxa6 63.Ke4 Nc5+  1-0

[Event "XXIII Belgrade Trophy"]
[Site "Obrenovac SRB"]
[Date "2010.11.28"]
[Round "5.21"]
[White "Indjic,A"]
[Black "Pancevski,F"]
[Result "1-0"]
[WhiteElo "2249"]
[BlackElo "2403"]

1.d4 g6 2.c4 Bg7 3.Nc3 Nf6 4.e4 d6 5.Nf3 O-O 6.Be2 e5 7.d5 a5 8.Bg5 h6 9.Bh4 Qe8
10.Nd2 Nh7 11.f3 h5 12.Bf2 Na6 13.a3 Bd7 14.b3 Bh6 15.Rb1 Nc5 16.O-O Qe7
17.Qc2 h4 18.Rfd1 f5 19.b4 axb4 20.axb4 Na4 21.Nb5 c6 22.Nc7 Rac8 23.dxc6 bxc6
24.Na6 c5 25.bxc5 Nxc5 26.Nxc5 dxc5 27.Rb7 h3 28.exf5 gxf5 29.Nb3 Qg5 30.g3 Bc6
31.Rb6 Qh5 32.Rd6 Rf6 33.Qd1 Qe8 34.Rbxc6 Rxc6 35.Rd8 Qxd8 36.Qxd8+ Bf8 37.Bxc5 Kg7
38.Bxf8+ Nxf8 39.c5  1-0

[Event "XXIII Belgrade Trophy"]
[Site "Obrenovac SRB"]
[Date "2010.11.29"]
[Round "6.76"]
[White "Masovic,B"]
[Black "Ruzicic,S"]
[Result "0-1"]
[WhiteElo "1794"]
[BlackElo "1960"]

1.d4 Nf6 2.c4 g6 3.Nc3 Bg7 4.e4 d6 5.Nf3 O-O 6.Be2 e5 7.d5 Nbd7 8.h3 Nc5
9.Qc2 a5 10.O-O Nh5 11.Re1 Nf4 12.Bf1 f5 13.Bxf4 exf4 14.e5 dxe5 15.Nxe5 Re8
16.Nd3 Nxd3 17.Qxd3 Be5 18.c5 Qf6 19.Rad1 Bd7 20.Qc2 g5 21.Bb5 Bxb5 22.Nxb5 g4
23.Qd3 f3 24.hxg4 fxg4 25.Qc4 Kh8 26.g3 Rg8 27.Rxe5 Qxe5 28.Qd4 Qxd4 29.Nxd4 Rad8
30.Ne6 Rd7 31.Nf4 Re8 32.Kf1 Kg7 33.Rd4 Re5 34.a3 Kf6 35.b4 axb4 36.Rxb4 c6
37.Rb6 Kg5 38.d6 Kf5 39.Nd3 Rd5 40.Rb3 Ke4 41.Nb2 Rxc5 42.Rb4+ Kd5 43.Ke1 Kxd6
44.Rxg4 Rc2 45.Rd4+ Kc7 46.Rxd7+ Kxd7 47.Nd3 Rc3 48.Kd2 Rxa3 49.Ke3 c5 50.Ke4 Kd6
51.Ne1 c4 52.Nxf3 b5 53.Nh4 Kc5 54.Nf5 Ra8 55.Ke3 Rd8 56.Ke2 c3 57.Ne3 b4
58.Nd1  0-1

[Event "XXIII Belgrade Trophy"]
[Site "Obrenovac SRB"]
[Date "2010.11.29"]
[Round "6.1"]
[White "Gleizerov,E"]
[Black "Damljanovic,B"]
[Result "1/2-1/2"]
[WhiteElo "2572"]
[BlackElo "2551"]

1.d4 Nf6 2.c4 g6 3.Nc3 Bg7 4.e4 d6 5.Nf3 O-O 6.Be2 e5 7.O-O Na6 8.Be3 c6
9.Re1 Re8 10.dxe5 Ng4 11.Qxd6 Nxe3 12.Qxd8 Rxd8 13.fxe3 Re8 14.Rad1 Nc5 15.Rd6 Bg4
16.b4 Nd7 17.h3 Be6 18.Nd5 cxd5 19.cxd5 Bxh3 20.gxh3 Nxe5 21.Nxe5 Bxe5 22.Rd7 Rab8
23.Rf1 f6 24.Bg4 Red8 25.Be6+ Kh8 26.Rf7 Rf8 27.Rd7 Rfd8 28.Rf7 Rf8 29.Rd7 Rfd8  1/2-1/2

[Event "WY U-16 Olympiad"]
[Site "Burdur TUR"]
[Date "2010.11.30"]
[Round "6"]
[White "Tilicheev,V"]
[Black "Mateus,F"]
[Result "1-0"]
[WhiteElo "2360"]
[BlackElo "2069"]

1.d4 Nf6 2.c4 g6 3.Nc3 Bg7 4.e4 d6 5.Nf3 O-O 6.Be2 Nbd7 7.O-O e5 8.Be3 Re8
9.dxe5 dxe5 10.Qc2 c6 11.b4 Qe7 12.c5 Nh5 13.g3 Nf8 14.Nd2 Ne6 15.Bxh5 gxh5
16.Nc4 Nd4 17.Qd1 Bh3 18.Nd6 Red8 19.Qxh5 Bxf1 20.Rxf1 Rxd6 21.cxd6 Qxd6
22.b5 Qa3 23.Rc1 cxb5 24.Nd5 Qxa2 25.Qg4 f5 26.Ne7+ Kh8 27.Nxf5 Nxf5 28.Qxf5 Rf8
29.Rc8 Qg8 30.Rxf8 Qxf8 31.Qd7 h6 32.Qxb7 a5 33.Qxb5 Qb4 34.Qxb4 axb4 35.Kf1 Bf8
36.Ke2 Kg7 37.Kd3 Kf7 38.Kc4 Ke6 39.Bd2 b3 40.Kxb3 Bc5 41.Be3  1-0

[Event "XXIII Belgrade Trophy"]
[Site "Obrenovac SRB"]
[Date "2010.12.01"]
[Round "8.40"]
[White "Pecurica,M"]
[Black "Jovicic,R"]
[Result "1/2-1/2"]
[WhiteElo "2113"]
[BlackElo "2200"]

1.d4 Nf6 2.c4 g6 3.Nc3 Bg7 4.e4 O-O 5.Nf3 d6 6.Be2 Qe8 7.O-O e5 8.dxe5 dxe5
9.b4 c6 10.b5 Qe7 11.Qb3 Re8 12.Ba3 Qc7 13.Rfd1 Bf8 14.Bxf8 Kxf8 15.Qa3+ Kg7
16.c5 Qe7 17.Nd2 Be6 18.Nc4 Bxc4 19.Bxc4 Nbd7 20.Rd6 Rec8 21.bxc6 bxc6 22.Rad1 a5
23.Na4 Rab8 24.Qe3 Rb4 25.Bb3 Rc7 26.f3 h5 27.Nb6 Nxb6 28.cxb6 Rd7 29.Rxc6 a4
30.Bd5 h4 31.a3 Nxd5 32.exd5 Rb3 33.Rd3 Qxa3 34.Qxe5+ Kh7 35.Rd2 Rb1+ 36.Kf2 Qb4
37.Re2 a3 38.Qf6 Rb2 39.Rcc2 Qxb6+ 40.Qxb6 Rxb6 41.Ra2 Ra7 42.Red2 Rb8 43.d6 Kg7
44.d7 Rd8 45.Ke3 Kf6 46.Rd3 Rdxd7 47.Rxd7 Rxd7 48.Rxa3 Rd1 49.Ra6+ Kg5 50.Ra5+ f5
51.f4+ Kg4 52.Ra6 Rg1 53.Kf2 Rb1 54.Rxg6+ Kxf4 55.g3+ Ke5 56.gxh4 Kf4 57.Rf6 Rb3  1/2-1/2

[Event "Channukah Closed"]
[Site "Haifa ISR"]
[Date "2010.12.02"]
[Round "2.2"]
[White "Postny,E"]
[Black "Bajbikov,D"]
[Result "1-0"]
[WhiteElo "2604"]
[BlackElo "2276"]

1.d4 d6 2.e4 Nd7 3.c4 e5 4.Nf3 Ngf6 5.Nc3 g6 6.Be2 Bg7 7.O-O O-O 8.Re1 Re8
9.d5 a5 10.Be3 b6 11.Nd2 Nc5 12.a3 Bd7 13.b4 axb4 14.axb4 Nb7 15.h3 Bf8 16.Qc2 Qe7
17.Nb5 Bxb5 18.cxb5 Rxa1 19.Rxa1 Rb8 20.Bg5 Bg7 21.Ra7 h6 22.Bxf6 Bxf6 23.Qc6 Nd8
24.Qxc7 Qxc7 25.Rxc7 Kf8 26.Nc4 Be7 27.Bg4 h5 28.Bd7 Ra8 29.g3 Ra4 30.Nxb6 Rxb4
31.Nc4 f5 32.exf5 gxf5 33.Rc8 Kf7 34.Bxf5 Rxb5 35.Rxd8 Bxd8 36.Nxd6+ Kf6
37.Nxb5 Kxf5 38.Nd6+ Kf6 39.f3 Bb6+ 40.Kg2 Be3 41.h4 Bc1 42.Kf2 Ba3 43.Ne4+ Kf5
44.Ke2 Kg6 45.Kd3 Kf7 46.Kc4 Ke7 47.Kb5 Kd7 48.Nf6+ Kd6 49.Kc4 e4 50.Nxe4+ Ke5
51.Nc5 Kd6 52.Nd3 Kd7 53.Nf4  1-0

[Event "XXIII Belgrade Trophy"]
[Site "Obrenovac SRB"]
[Date "2010.12.02"]
[Round "9.33"]
[White "Pecurica,M"]
[Black "Jovanovic,ST"]
[Result "1/2-1/2"]
[WhiteElo "2113"]
[BlackElo "2304"]

1.d4 Nf6 2.c4 g6 3.Nc3 Bg7 4.e4 d6 5.Nf3 O-O 6.Be2 e5 7.O-O Qe8 8.dxe5 dxe5
9.b4 Na6 10.Qb3 b6 11.c5 c6 12.cxb6 axb6 13.Be3 Rb8 14.b5 cxb5 15.Bxb5 Qe7
16.Bc4 Nc5 17.Qb4 Qc7 18.Nd5 Nxd5 19.Bxd5 Nd3 20.Qb5 Nf4 21.Rfc1 Qd7 22.Qxd7 Bxd7
23.Bxf4 exf4 24.Rab1 Rfc8 25.h3 b5 26.e5 h6 27.Rd1 Bf5 28.Rb4 Re8 29.Rxf4 Bxe5
30.Nxe5 Rxe5 31.g4 Be6 32.Bxe6 Rxe6 33.Rd7 Rf8 34.Rb4 Ra6 35.Rd2 Rfa8 36.Rxb5 Rxa2
37.Rd7 R8a3 38.Kg2 Ra4 39.Kg3 R4a3+ 40.f3 Ra7  1/2-1/2

[Event "TCh-CZE 2010-11"]
[Site "Czech Rep CZE"]
[Date "2010.12.04"]
[Round "3.7"]
[White "Orsag,Mil1"]
[Black "Firt,S"]
[Result "1-0"]
[WhiteElo "2426"]
[BlackElo "2330"]

1.d4 Nf6 2.c4 g6 3.Nc3 Bg7 4.e4 d6 5.Nf3 O-O 6.Be2 Nbd7 7.O-O e5 8.Re1 c6
9.Bf1 a5 10.h3 exd4 11.Nxd4 Re8 12.Rb1 Nc5 13.f3 Nh5 14.g4 Ng3 15.Bg2 h5
16.g5 f5 17.gxf6 Qxf6 18.Nde2 Nxe2+ 19.Nxe2 Qh4 20.Bf4 Be5 21.Qd2 Ne6 22.Be3 Qe7
23.f4 Bf6 24.Rbd1 Bh4 25.Rf1 Nc5 26.Nc3 Rd8 27.e5 Qf7 28.exd6 Qxc4 29.f5 Bg3
30.Bf4 Bxf4 31.Rxf4 Qf7 32.Qd4 g5 33.Rf2 b6 34.Bxc6 Bb7 35.Bd5 Bxd5 36.Nxd5 Rxd6
37.Ne7+ Qxe7 38.Qxd6 Qxd6 39.Rxd6 Ne4 40.Rg6+ Kf7 41.Rc2  1-0

[Event "TCh-SWE Elitserien 2010-11"]
[Site "Sweden SWE"]
[Date "2010.12.04"]
[Round "5"]
[White "Engqvist,T"]
[Black "Andersson,Fred2"]
[Result "1/2-1/2"]
[WhiteElo "2368"]
[BlackElo "2292"]

1.c4 Nf6 2.Nc3 g6 3.e4 d6 4.d4 Bg7 5.Nf3 O-O 6.Be2 e5 7.dxe5 dxe5 8.Qxd8 Rxd8
9.Bg5 Re8 10.Nd5 Nxd5 11.cxd5 c6 12.Bc4 cxd5 13.Bxd5 Nd7 14.Nd2 Nc5 15.O-O-O Be6
16.Bxe6 Nxe6 17.Be3 Nf4 18.Bxf4 exf4 19.Kb1 Rad8 20.f3 Rd7 21.Nb3 Red8 22.Rxd7 Rxd7
23.Re1 Kf8 24.Re2 Ke7 25.Nc5 Rd1+ 26.Kc2 Rh1 27.h3 b6 28.Nd3 g5 29.Nb4 Ke6
30.Kb3 Rb1 31.a4 h5 32.Rd2 f5 33.exf5+ Kxf5 34.Ka2 Rg1 35.Nc6 a5 36.Ne7+ Kf6
37.Nd5+ Kf5 38.Nxb6 g4 39.Nc4 gxh3 40.gxh3 Rg3 41.Nxa5 Rxf3 42.Nc4 Ke4 43.Rd7 Rg3
44.Nd2+ Kf5 45.Rd5+ Ke6 46.Rxh5 Rg2 47.Nc4 f3 48.Rh4 Be5 49.Rh6+ Bf6 50.a5 Rc2
51.Ne3 f2 52.a6 Rxb2+ 53.Ka3 Rb6 54.Rxf6+ Kxf6 55.Ng4+ Kg5 56.Nxf2 Rxa6+  1/2-1/2

[Event "31st Crespi Memorial"]
[Site "Milan ITA"]
[Date "2010.12.06"]
[Round "3"]
[White "Tratar,M"]
[Black "Iudicello,G"]
[Result "1-0"]
[WhiteElo "2492"]
[BlackElo "2158"]

1.d4 Nf6 2.Nf3 g6 3.c4 Bg7 4.Nc3 d6 5.e4 O-O 6.Be2 e5 7.Be3 Ng4 8.Bg5 f6
9.Bh4 Nc6 10.d5 Ne7 11.Nd2 Nh6 12.f3 Bd7 13.b4 g5 14.Bf2 f5 15.c5 Ng6 16.g3 Qf6
17.O-O Nf7 18.Nc4 h5 19.b5 dxc5 20.Bxc5 Nd6 21.exf5 Bxf5 22.Ne4 Bxe4 23.fxe4 Qe7
24.Bxh5 Kh7 25.Bg4 b6 26.Bxd6 cxd6 27.Bf5 Rf6 28.Qh5+ Bh6 29.Ne3  1-0

[Event "Moscow Teams"]
[Site "Moscow RUS"]
[Date "2010.12.11"]
[Round "3"]
[White "Gavrilov,Al1"]
[Black "Erofeev,A"]
[Result "1/2-1/2"]
[WhiteElo "2488"]
[BlackElo "2244"]

1.d4 Nf6 2.Nf3 g6 3.c4 Bg7 4.Nc3 O-O 5.e4 d6 6.Be2 e5 7.O-O Na6 8.Re1 c6
9.Be3 Ng4 10.Bg5 Qc7 11.h3 h6 12.Bh4 exd4 13.Nxd4 Nf6 14.Qd2 Re8 15.Bf3 Nh7
16.Rad1 Ng5 17.Bxg5 hxg5 18.Qxg5 Qb6 19.Qd2 Nc5 20.h4 Qb4 21.a3 Qb6 22.h5 Nd7
23.hxg6 fxg6 24.Be2 Ne5 25.b4 a5 26.Na4 Qd8 27.b5 Qh4 28.Nf3 Nxf3+ 29.Bxf3 Be5
30.g3 Qf6 31.Qe2 Rf8 32.Nb6 Rb8 33.Nxc8 Rbxc8 34.Bg4 Rc7 35.Rd3 Rcf7 36.Rf3 Qe7
37.Rxf7 Qxf7 38.Rd1 c5 39.Kg2 Kg7 40.Rh1 Bd4 41.f3 Rh8 42.Rxh8 Kxh8 43.f4 Qe7
44.Kf3 Kg7 45.Qh2 b6 46.Qh3 Bb2 47.a4 Qf6 48.Kg2 Qd4 49.Bf3 Qd2+ 50.Kh1 Bd4
51.Qd7+ Kh6 52.Qh3+ Kg7 53.Qd7+ Kh6  1/2-1/2

[Event "48th ch-IND"]
[Site "New Delhi IND"]
[Date "2010.12.12"]
[Round "4"]
[White "Singh,DP"]
[Black "Sharma,Di"]
[Result "1/2-1/2"]
[WhiteElo "2326"]
[BlackElo "2371"]

1.d4 Nf6 2.Nf3 g6 3.c4 Bg7 4.Nc3 O-O 5.e4 d6 6.Be2 e5 7.O-O Na6 8.Qc2 exd4
9.Nxd4 Nc5 10.Rd1 Re8 11.f3 Nh5 12.Bf1 c6 13.Qf2 Be5 14.Be3 Qe7 15.Nb3 Nxb3
16.axb3 a6 17.g3 f5 18.Bd4 f4 19.g4 Ng7 20.Ra5 Qc7 21.Bb6 Qe7 22.c5 dxc5
23.Rxc5 Bd6 24.Ra5 Be6 25.Rxd6 Qxd6 26.e5 Qe7 27.Ne4  1/2-1/2

[Event "48th ch-IND"]
[Site "New Delhi IND"]
[Date "2010.12.14"]
[Round "6"]
[White "Singh,DP"]
[Black "Kamble,V"]
[Result "1-0"]
[WhiteElo "2326"]
[BlackElo "2374"]

1.d4 Nf6 2.Nf3 g6 3.c4 Bg7 4.Nc3 O-O 5.e4 d6 6.Be2 Na6 7.O-O e5 8.Qc2 Nb4
9.Qb3 exd4 10.Nxd4 Re8 11.Be3 c5 12.Nc2 Nc6 13.f3 Be6 14.Rad1 Qb8 15.Qa3 a6
16.b4 b5 17.bxc5 b4 18.Qa4 Bd7 19.Nd5 Nd4 20.Nxf6+ Bxf6 21.Qxd7 Nxe2+ 22.Kf2 Nc3
23.Rxd6 Rd8 24.Qc6 Rxd6 25.cxd6 Nxa2 26.d7 Kg7 27.Bd4 Bxd4+ 28.Nxd4 Nc3 29.c5 Qe5
30.Qd6 Qxd6 31.cxd6 Rd8 32.Ra1 Nb5 33.Nxb5 axb5 34.e5 Rxd7 35.Ke3 f6 36.f4 fxe5
37.fxe5 Kf7 38.Ke4 Ke6 39.Rf1 Rd8 40.Rf6+ Kd7 41.Kd5 b3 42.Rf7+ Kc8 43.Rc7+ Kb8
44.Rc3 b2 45.Rb3 Ka7 46.Rxb2  1-0

[Event "48th ch-IND"]
[Site "New Delhi IND"]
[Date "2010.12.15"]
[Round "7"]
[White "Suvrajit,S"]
[Black "Shashikant,K"]
[Result "1-0"]
[WhiteElo "2392"]
[BlackElo "2303"]

1.d4 Nf6 2.c4 g6 3.Nc3 Bg7 4.e4 d6 5.Be2 O-O 6.Nf3 e5 7.O-O Na6 8.Be3 Ng4
9.Bg5 Qe8 10.dxe5 dxe5 11.h3 f6 12.Bd2 Nh6 13.c5 c6 14.Bxa6 bxa6 15.Qa4 Rb8
16.b3 Nf7 17.Rad1 Kh8 18.Rfe1 Rb7 19.Bc1 f5 20.exf5 gxf5 21.Ng5 e4 22.Nxf7+ Rbxf7
23.Qa5 Be5 24.Bg5 Bd7 25.Ne2 f4 26.Qd2 e3 27.fxe3 f3 28.Nf4 Rg8 29.h4 h6
30.Bxh6 Rxg2+ 31.Nxg2 f2+ 32.Qxf2 Bh2+ 33.Kf1 Bg3 34.Nf4 Bxf2 35.Kxf2 Qe6
36.Bg5 Qh3 37.Rh1 Qf5 38.Rd6 Qc2+ 39.Kf3 Bf5 40.Rhd1 Be4+ 41.Kg3 Bd5 42.R1xd5 cxd5
43.c6 Qc3 44.Kg4 Qc2 45.Bf6+ Kh7 46.Rd7 Kg8 47.Rd8+ Rf8 48.c7 Qd1+ 49.Kg5  1-0

[Event "17th Open A"]
[Site "Zadar CRO"]
[Date "2010.12.15"]
[Round "5.13"]
[White "Jovanic,O"]
[Black "Kadric,D"]
[Result "0-1"]
[WhiteElo "2532"]
[BlackElo "2331"]

1.d4 Nf6 2.c4 g6 3.Nc3 Bg7 4.e4 d6 5.Nf3 O-O 6.Be2 e5 7.Be3 Ng4 8.Bg5 f6
9.Bh4 g5 10.Bg3 Nh6 11.dxe5 dxe5 12.Qd5+ Kh8 13.Qxd8 Rxd8 14.h4 g4 15.Nd2 Na6
16.O-O-O Be6 17.Rhe1 c6 18.Nf1 Nf7 19.a3 Nd6 20.Nd2 Bh6 21.Kc2 Nc5 22.f3 gxf3
23.gxf3 Bxd2 24.Rxd2 Nxc4 25.Rxd8+ Rxd8 26.Bxc4 Bxc4 27.b4 Nb3 28.Nd1 b5
29.Bf2 Rd2+ 30.Kc3 Rd3+ 31.Kb2 Rxf3 32.Re3 Nd4 33.Rxf3 Nxf3 34.Kc3 a6 35.Ne3 Be6
36.Nc2 Kg7 37.Ne1 Nh2 38.Bg3 Ng4 39.Nd3 Kg6 40.Nc5 Bc8 41.Kd3 Kh5 42.a4 Nh6
43.a5 Ng8 44.Ke3 Ne7 45.Kf3 Ng6 46.Bf2 Nxh4+ 47.Kg3 Ng6 48.Nd3 Nf8 49.Ba7 Kg5
50.Be3+ Kg6 51.Kh4 Ne6 52.Ba7 Ng5 53.Nc5 Nf3+ 54.Kg3 Nd2 55.Bb8 Kg5 56.Bc7 h5
57.Bd8 h4+ 58.Kf2 h3 59.Kg1 Kf4 60.Bxf6 Nxe4  0-1